Flora das cangas da Serra dos Carajás, Pará, Brasil: Menispermaceae (Registro n. 331776)
[ somente texto ]
| 000 -LÍDER | |
|---|---|
| fixed length control field | 02203nab a2200253 i 4500 |
| 003 - CÓDIGO MARC DA AGÊNCIA CATALOGADORA | |
| Campo de controle | BR-BrBNA |
| 005 - DATA E HORA DA ÚLTIMA ATUALIZAÇÃO | |
| Campo de controle | 20250528152118.0 |
| 008 - CAMPO DE TAMANHO FIXO | |
| fixed length control field | 250528b2018 bl.qr|pooa||| 00| 0 por | |
| 040 ## - FONTE DA CATALOGAÇÃO | |
| Agência catalogadora | BR-BrBNA |
| Idioma da catalogação | por |
| 072 ## - CATEGORIA AGRIS | |
| Código AGRIS | F70 |
| 100 ## - ENTRADA PRINCIPAL - NOME PESSOAL | |
| Nome pessoal | Lima, Carla Teixeira de |
| 100 ## - ENTRADA PRINCIPAL - NOME PESSOAL | |
| Nome pessoal | Teixeira, Michella Del Rei |
| 245 ## - TÍTULO PRINCIPAL | |
| Título principal | Flora das cangas da Serra dos Carajás, Pará, Brasil: Menispermaceae |
| 500 ## - NOTA GERAL | |
| Nota geral | Publicação on-line; 7 ref.; 1 illus.; Summaries (En, Pt) |
| 942 ## - ADDED ENTRY ELEMENTS (KOHA) | |
| Koha item type | Analítica |
| 520 ## - NOTA DE RESUMO | |
| Nota de conteúdo | <br/><br/>Resumo<br/><br/>Este estudo engloba as espécies de Menispermaceae registradas para as cangas da Serra dos Carajás, no estado do Pará,<br/>trazendo descrições detalhadas, ilustrações e comentários morfológicos das espécies. Foram registradas uma espécie<br/>do gênero Abuta: A. grandifolia e duas espécies do gênero Cissampelos: C. andromorpha e C. laxiflora para a área<br/>de estudo. Os gêneros são amplamente distribuídos em florestas tropicais nas Américas do Norte (Sul do México),<br/>Central, e do Sul, sendo o centro de diversidade na Amazônia (Brasil, Guiana, Suriname e Guiana Francesa).<br/><br/>Palavras-chave: FLONA Carajás, taxonomia, liana, flora.<br/><br/><br/><br/><br/>Abstract<br/><br/>This study encompasses the species of Menispermaceae registered for the canga of Serra of the Carajás, Pará<br/>State, bringing detailed descriptions, illustrations and morphological comments of the species. One Abuta: A.<br/>glandifolia, and two species of Cissampelos: C. andromorpha and C. laxiflora are registered for the study area. <br/>The genera are widely distributed in tropical forests in North America (South of Mexico), Central America and<br/>South America and the diversity center is in the Amazon (Brazil, Guyana, Suriname and Franch Guyana).<br/><br/>Key words: FLONA Carajás, taxonomy, liana, flora. |
| 650 ## - ASSUNTO - THESAGRO | |
| Cabeçalho tópico ou nome geográfico | CARAJÁS |
| 650 ## - ASSUNTO - THESAGRO | |
| Cabeçalho tópico ou nome geográfico | TAXONOMIA |
| 650 ## - ASSUNTO - THESAGRO | |
| Cabeçalho tópico ou nome geográfico | FLORA |
| 650 ## - ASSUNTO - THESAGRO | |
| Cabeçalho tópico ou nome geográfico | MENISPERMACEAE |
| 773 0# - ENTRADA ANALÍTICA | |
| Host Biblionumber | 709 |
| Registro do item | 350699 |
| Imprenta | Rio de Janeiro-RJ Jardim Botanico do Rio de Janeiro 1935 |
| Outro identificador | 2025-3324 |
| Título | Rodriguésia (Brazil) |
| ISSN | 0370-6583; 2175-7860 on-line |
| Colação | v. 69(1) p. 147-151; (2018) |
| Número de controle de registro | BR2025001288 |
| 856 ## - ACESSO E ENDEREÇO ELETRÔNICO | |
| Identificador uniforme de recurso - URI | https://www.scielo.br/j/rod/a/B5cBqgwD3T9qwhqWRbMkXXv/?format=pdf&lang=pt |
Nenhum exemplar disponível.

BINAGRI